00480nam a22002057a 450000500170000001000130001702000100003003500130004003700160005304000120006908200160008110000170009724500600011426000350017427000190020930000210022865000100024965000120025970000030027120170124110157.0 aA-333773 c10.00 aA-333773 bCen Lib/Ret aDPLbEN a181.41bPAN aPandit, M.P. aStudies in the tantras and the veda /cby M.P. Pandit aMadrasbGanesh & Compnayc1973 aMadrasbMadras a168p. c20cm(Hb) aVedas aTantras